Charlotte's web. (Record no. 110938)
[ view plain ]
| 000 -LEADER | |
|---|---|
| fixed length control field | 00400nam a2200157 a 4500 |
| 005 - DATE AND TIME OF LATEST TRANSACTION | |
| control field | 20140414131906.0 |
| 008 - FIXED-LENGTH DATA ELEMENTS--GENERAL INFORMATION | |
| fixed length control field | 100928s19uu xx 00 eng d |
| 050 ## - LIBRARY OF CONGRESS CALL NUMBER | |
| Classification number | FIC |
| Item number | W58 1952 |
| 100 ## - MAIN ENTRY--PERSONAL NAME | |
| Personal name | White, E. B. |
| 245 ## - TITLE STATEMENT | |
| Title | Charlotte's web. |
| 260 ## - PUBLICATION, DISTRIBUTION, ETC. (IMPRINT) | |
| Place of publication, distribution, etc | New York : |
| Name of publisher, distributor, etc | Harper Collins, |
| Date of publication, distribution, etc | 1952. |
| 500 ## - GENERAL NOTE | |
| General note | Winner of the Newberry Honor Medal |
| Withdrawn status | Lost status | Damaged status | Home library | Current library | Shelving location | Date acquired | Total Checkouts | Full call number | Barcode | Date last seen | Price effective from | Koha item type | Source of classification or shelving scheme | Source of acquisition | Sub Shelving location |
|---|---|---|---|---|---|---|---|---|---|---|---|---|---|---|---|
| Elizalde Library | Elizalde Library | Fiction Section | 11/12/2024 | FIC Whi58 1952 | E12651 | 11/12/2024 | 11/12/2024 | Books | Dewey Decimal Classification | Library Fund | |||||
| Munich Library | Munich Library | Fiction Section | 09/28/2010 | FIC W58 1952 | M1472 | 04/14/2014 | 04/14/2014 | Books | |||||||
| Munich Library | Munich Library | Fiction Section | 09/28/2010 | FIC W58 1952 | M1473 | 04/14/2014 | 04/14/2014 | Books | |||||||
| Munich Library | Munich Library | Fiction Section | 09/28/2010 | FIC W58 1952 | M1474 | 04/14/2014 | 04/14/2014 | Books |